Ստրկութիւն մարդկային : (Record no. 534338)
[ view plain ]
| 000 -LEADER | |
|---|---|
| fixed length control field | 00933nam a22002417a 4500 |
| 003 - CONTROL NUMBER IDENTIFIER | |
| control field | AM-YeHGA |
| 005 - DATE AND TIME OF LATEST TRANSACTION | |
| control field | 20250618080214.0 |
| 008 - FIXED-LENGTH DATA ELEMENTS--GENERAL INFORMATION | |
| fixed length control field | 250416s1958 le |||gr|||||00||1|arm|d |
| 040 ## - CATALOGING SOURCE | |
| Original cataloging agency | AM-YeHGA |
| 041 1# - LANGUAGE CODE | |
| Language code of text/sound track or separate title | arm |
| Language code of original | eng |
| 001 - CONTROL NUMBER | |
| control field | 2015333 |
| 090 ## - LOCALLY ASSIGNED LC-TYPE CALL NUMBER (OCLC); LOCAL CALL NUMBER (RLIN) | |
| -- | 573810 |
| 100 1# - MAIN ENTRY--PERSONAL NAME | |
| Personal name | Մոեմ, Սոմերսեթ, |
| Dates associated with a name | 1874-1965 |
| 9 (RLIN) | 8655 |
| 245 10 - TITLE STATEMENT | |
| Title | Ստրկութիւն մարդկային : |
| Remainder of title | Վէպ / |
| Statement of responsibility, etc. | Սամըրսեթ Մոամ; Անգլ. թարգմ.՝ Ս. Աշճեան. |
| 260 ## - PUBLICATION, DISTRIBUTION, ETC. | |
| Place of publication, distribution, etc. | Պէյրութ : |
| Name of publisher, distributor, etc. | Ա. հ., |
| Date of publication, distribution, etc. | 1958-1959. |
| 300 ## - PHYSICAL DESCRIPTION | |
| Extent | հատոր |
| 440 #0 - SERIES STATEMENT/ADDED ENTRY--TITLE | |
| Title | Մատենաշար «Այգ»ի ; |
| Volume/sequential designation | Թիւ 16-18 |
| 500 ## - GENERAL NOTE | |
| General note | Մ. 1 (1958, 302 էջ) |
| 505 00 - FORMATTED CONTENTS NOTE | |
| Miscellaneous information | Հ․ 1 (1958, 304 էջ) ; |
| -- | Հ. 2 (1958, 305-660 էջ) ; |
| -- | Հ. 3 (1959, 661-1104 էջ) |
| 650 14 - SUBJECT ADDED ENTRY--TOPICAL TERM | |
| Topical term or geographic name entry element | Անգլիական գրականություն |
| General subdivision | Անգլիական արձակ |
| Chronological subdivision | 20-րդ դար |
| 700 1# - ADDED ENTRY--PERSONAL NAME | |
| Personal name | Աշճյան, Սարգիս |
| Relator term | թարգմ. |
| Relationship | trl |
| 942 ## - ADDED ENTRY ELEMENTS (KOHA) | |
| Source of classification or shelving scheme | Universal Decimal Classification |
| Koha item type | Գրքեր / Books |
| Withdrawn status | Lost status | Source of classification or shelving scheme | Damaged status | Not for loan | Collection | Home library | Current library | Date acquired | Serial enumeration / chronology | Total checkouts | Full call number | Barcode | Date last seen | Price effective from | Koha item type | Public note |
|---|---|---|---|---|---|---|---|---|---|---|---|---|---|---|---|---|
| Universal Decimal Classification | Zhamkochyan Individual collection | Fundamental Scientific Library | Fundamental Scientific Library | 16/04/2025 | Հ․ 1 | Ժամ/202 | FL0691511 | 16/04/2025 | 16/04/2025 | Գրքեր / Books | ILL Non-Circ. | |||||
| Universal Decimal Classification | Zhamkochyan Individual collection | Fundamental Scientific Library | Fundamental Scientific Library | 16/04/2025 | Հ․ 2 | Ժամ/203 | FL0691374 | 16/04/2025 | 16/04/2025 | Գրքեր / Books | ILL Non-Circ. | |||||
| Universal Decimal Classification | Zhamkochyan Individual collection | Fundamental Scientific Library | Fundamental Scientific Library | 16/04/2025 | Հ․ 3 | Ժամ/204 | FL0691512 | 16/04/2025 | 16/04/2025 | Գրքեր / Books | ILL Non-Circ. |
ՀՀ Գիտությունների ազգային ակադեմիայի հիմնարար գիտական գրադարան = Fundamental Scientific Library of NAS RA
All site content, except where otherwise noted, is licensed under a